<?xml version="1.0" encoding="UTF-8"?>
<record
    xmlns:xsi="http://www.w3.org/2001/XMLSchema-instance"
    xsi:schemaLocation="http://www.loc.gov/MARC21/slim http://www.loc.gov/standards/marcxml/schema/MARC21slim.xsd"
    xmlns="http://www.loc.gov/MARC21/slim">

  <leader>00941cam a22002411a 4500</leader>
  <controlfield tag="001">e  28000517 </controlfield>
  <controlfield tag="003">DLC</controlfield>
  <controlfield tag="005">20260227111218.0</controlfield>
  <controlfield tag="008">861023s1925    pr           s000 0 eng c</controlfield>
  <datafield tag="010" ind1=" " ind2=" ">
    <subfield code="a">e  28000517 </subfield>
  </datafield>
  <datafield tag="035" ind1=" " ind2=" ">
    <subfield code="a">(OCoLC)14511524</subfield>
  </datafield>
  <datafield tag="040" ind1=" " ind2=" ">
    <subfield code="a">Library, U.S. Dept. of Education</subfield>
    <subfield code="c">CtU</subfield>
    <subfield code="d">CtU</subfield>
    <subfield code="d">DLC</subfield>
  </datafield>
  <datafield tag="042" ind1=" " ind2=" ">
    <subfield code="a">premarc</subfield>
  </datafield>
  <datafield tag="050" ind1="0" ind2="0">
    <subfield code="a">TX725</subfield>
    <subfield code="b">.W6</subfield>
  </datafield>
  <datafield tag="100" ind1="1" ind2=" ">
    <subfield code="a">Willsey, Elsie Mae.</subfield>
  </datafield>
  <datafield tag="245" ind1="1" ind2="0">
    <subfield code="a">Tropical foods /</subfield>
    <subfield code="c">by Elsie Mae Willsey.</subfield>
  </datafield>
  <datafield tag="260" ind1=" " ind2=" ">
    <subfield code="a">San Juan, P.R. :</subfield>
    <subfield code="b">Bureau of Supplies, Printing, and Transportation,</subfield>
    <subfield code="c">1925.</subfield>
  </datafield>
  <datafield tag="300" ind1=" " ind2=" ">
    <subfield code="a">3 v. ;</subfield>
    <subfield code="c">23 cm.</subfield>
  </datafield>
  <datafield tag="490" ind1="0" ind2=" ">
    <subfield code="a">Bulletin / Puerto Rico. Dept. of Education ;</subfield>
    <subfield code="v">no. 3, 1925, whole number 62</subfield>
  </datafield>
  <datafield tag="504" ind1=" " ind2=" ">
    <subfield code="a">Bibliography: p. [30]</subfield>
  </datafield>
  <datafield tag="505" ind1="0" ind2=" ">
    <subfield code="a">Bulletin no. 1 Vegetables : chayote, yautia, plantain, banaana -- Bulletin no. 2 Vegetables : arracacha, breadfruit, casava, leren, malanga -- Bulletin no. 3 Vegetables : rice and legumes.</subfield>
  </datafield>
  <datafield tag="650" ind1=" " ind2="0">
    <subfield code="a">Cooking, Puerto Rican.</subfield>
  </datafield>
  <datafield tag="999" ind1=" " ind2=" ">
    <subfield code="c">20931</subfield>
    <subfield code="d">20931</subfield>
  </datafield>
</record>
